000 00601nam a2200205 i 4500
001 89268
003 ES-MaACL
005 20230906180131.0
007 t|
008 050105s1946 sp ac |||| | spa d
100 1 _aDe la Roche, Mazo.
_943058
245 1 3 _aLa cosecha /
_cpor Mazo De la Roche ; versión castellana, Matilde de Rafael.
260 _aMadrid :
_bLa Nave,
_c[1946]
300 _a370 p. :
_b1 retr. autor, il. ;
_c16 cm.
490 1 _aLa nave ;
_v59
700 1 _aRafael, Matilde de.
_994951
830 0 _aLa nave ;
_v59
_9182879
852 _aES-MaACL
_jD-5745
999 _c89268
_d89268